000
00285nam a22001337a 4500
008
181217b xxu||||| |||| 00| 0 eng d
020
_a
9780071313698
041
_a
eng
080
_2
10th
_a
338
100
_a
53
101
_a
MEN
245
_a
Supervision
_c
Rue,L.W
942
_2
udc
_c
BK
999
_c
53234
_d
53234